Statistics for Capitals Of Countries Beginning With 'M'

Click here to take the quiz!

General Stats

  • This quiz has been taken 9 times
  • The average score is 11 of 15

Answer Stats

Answer% Correct
Kuala Lumpur(Malaysia)
100%
Monaco(Monaco)
100%
Maputo(Mozambique)
100%
Nouakchott(Mauritania)
86%
Mexico City(Mexico)
86%
Antananarivo(Madagascar)
71%
Valletta(Malta)
71%
Lilongwe(Malawi)
71%
Bamako(Mali)
71%
Chisinau(Moldova)
71%
Rabat(Morocco)
71%
Majuro(Marshall Islands)
57%
Port Louis(Mauritius)
57%
Naypyidaw(Myanmar)
43%
Male(Maldives)
43%

Score Distribution

Percentile by Number Answered

Percent of People with Each Score

Your Score History

You have not taken this quiz